Hatch : (Record no. 353408)

000 -LEADER
fixed length control field 00796 a2200241 4500
003 - CONTROL NUMBER IDENTIFIER
control field OSt
005 - DATE AND TIME OF LATEST TRANSACTION
control field 20260203112940.0
008 - FIXED-LENGTH DATA ELEMENTS--GENERAL INFORMATION
fixed length control field 120615t xxu||||| |||| 00| 0 eng d
020 ## - INTERNATIONAL STANDARD BOOK NUMBER
International Standard Book Number 9781856695626
020 ## - INTERNATIONAL STANDARD BOOK NUMBER
International Standard Book Number 185669562X
040 ## - CATALOGING SOURCE
Transcribing agency 0
082 ## - DEWEY DECIMAL CLASSIFICATION NUMBER
Classification number 720.922
100 ## - MAIN ENTRY--PERSONAL NAME
Personal name Long, Kieran.
9 (RLIN) 133062
245 10 - TITLE STATEMENT
Title Hatch :
Remainder of title the new architectural generation /
Statement of responsibility, etc. Kieran Long.
260 ## - PUBLICATION, DISTRIBUTION, ETC.
Place of publication, distribution, etc. London :
Name of publisher, distributor, etc. Laurence King,
Date of publication, distribution, etc. 2008.
300 ## - PHYSICAL DESCRIPTION
Extent 1 v. (various pagings) :
Other physical details col. ill., maps ;
Dimensions 25 cm.
650 10 - SUBJECT ADDED ENTRY--TOPICAL TERM
Topical term or geographic name entry element Young architects.
9 (RLIN) 133063
650 10 - SUBJECT ADDED ENTRY--TOPICAL TERM
Topical term or geographic name entry element Architectural photography.
9 (RLIN) 31766
650 10 - SUBJECT ADDED ENTRY--TOPICAL TERM
Topical term or geographic name entry element Architectural writing.
9 (RLIN) 133064
650 10 - SUBJECT ADDED ENTRY--TOPICAL TERM
Topical term or geographic name entry element Architecture, Modern
Chronological subdivision 21st century.
9 (RLIN) 31948
942 ## - ADDED ENTRY ELEMENTS (KOHA)
Institution code [OBSOLETE] SADA
Koha item type Book
Call number prefix 720.922 LON 2008
Source of classification or shelving scheme
Holdings
Withdrawn status Lost status Source of classification or shelving scheme Damaged status Not for loan Permanent Location Current Location Date acquired Total Checkouts Full call number Barcode Date last seen Date last checked out Cost, replacement price Price effective from Koha item type
          School of Art Design and Architecture (SADA) School of Art Design and Architecture (SADA) 06/27/2011 1 720.922 LON 2008 SADA0001341 06/21/2012 06/13/2012 2733.00 08/05/2011 Book
© 2023 Central Library, National University of Sciences and Technology. All Rights Reserved.